LEADER 01178nam0-2200349---450- 001 990008740690403321 005 20090309083857.0 010 $a978-0-8218-4147-1 035 $a000874069 035 $aFED01000874069 035 $a(Aleph)000874069FED01 035 $a000874069 100 $a20081024d2008----km-y0itay50------ba 101 0 $aeng 102 $aUS 105 $aa-------101yy 200 1 $aNon-commutative geometry in mathematics and physics$ethe 11. Solomon Lefschetz memorial lecture series and topics in deformation quantization and non-commutative structures, September 7-9, 2005, Mexico City, Mexico$fedited by Giuseppe Dito ... [et al.] 210 $aProvidence$cAmerican Mathematical Society$dc2008 215 $aVIII, 143 p.$d24 cm 225 1 $aContemporary mathematics$v462 610 0 $aGeometria algebrica$aCongressi 676 $a515.3$v22 702 1$aDito,$bGiuseppe 801 0$aIT$bUNINA$gRICA$2UNIMARC 901 $aBK 912 $a990008740690403321 952 $aC-1-(462$b23493$fMA1 959 $aMA1 962 $a53DXX 962 $a14A22 996 $aNon-commutative geometry in mathematics and physics$9720791 997 $aUNINA LEADER 00534nam 2200169z- 450 001 9910693635703321 035 $a(CKB)4970000000059048 035 $a(EXLCZ)994970000000059048 100 $a20240129c2002uuuu -u- - 101 0 $aeng 200 00$aWelfare reform : former TANF recipients with impairments less likely to be employed and more likely to receive federal supports 210 $aWashington, D.C 517 $aWelfare Reform 906 $aDOCUMENT 912 $a9910693635703321 996 $aWelfare reform$93096253 997 $aUNINA LEADER 03317oam 2200637 c 450 001 9910563190903321 005 20250513224740.0 024 7 $a10.3726/b13825 035 $a(CKB)5450000000174062 035 $a(oapen)https://directory.doabooks.org/handle/20.500.12854/26688 035 $a(PH02)9783631752692 035 $a(oapen)doab26688 035 $a(EXLCZ)995450000000174062 100 $a20240525h20182000 uy 0 101 0 $ager 135 $aurnnunnnannuu 181 $ctxt$2rdacontent 182 $cc$2rdamedia 183 $acr$2rdacarrier 200 00$aZwischenstaatliche Finanzzuweisungen im zusammenwachsenden Europa$eZur Gestaltung eines Finanzausgleichs für die Europäische Union$fChrista Littmann, Steffen Meyer 205 $a1st, New ed. 210 $aFrankfurt a.M$cPH02$d2018 210 $d2018, c2000 215 $a1 online resource (388 p.)$c, EPDF 225 0 $aFinanzwissenschaftliche Schriften$v97 300 $aPeter Lang GmbH, Internationaler Verlag der Wissenschaften 311 08$a3-631-75269-5 327 $aAus dem Inhalt: Normativer Referenzrahmen - die erweiterte o?konomische Theorie des Fo?deralismus - Theoretische Grundlegung eines rationalen Finanzausgleichsystems - Zielsystem und Rahmenbedingungen eines rationalen Finanzausgleichsystems in der zusammenwachsenden EU - Funktionen der Finanzzuweisungen im europa?ischen Integrationsprozeß. 330 $aDas Erkenntnisinteresse dieser Arbeit gilt der Notwendigkeit und Geeignetheit der Vergabe von Finanzzuweisungen zwischen den Mitgliedstaaten der Europa?ischen Union. Es wird der Frage nachgegangen, welche Wohlfahrtseffekte durch ein europa?isches Finanzausgleichsystem ausgelo?st werden. Da der europa?ische Integrationsprozeß vielgestaltigen Einfluß auf die sozio-o?konomischen Lebenslagen der Bevo?lkerung nimmt, wird ein Referenzrahmen entworfen, der es erlaubt, u?ber o?konomische Kriterien hinaus auch sozio-kulturelle, rechtliche und politische Abwa?gungskalku?le zur Bewertung der Finanzzuweisungen heranzuziehen. Die Untersuchung verdeutlicht, daß es berechtigte Argumente fu?r einen europa?ischen Finanzausgleich gibt. Es zeigt sich aber auch, daß Fehlentwicklungen nicht auszuschließen sind. Ein Urteil u?ber die Wohlfahrtseffekte der Finanzzuweisungen erfordert daher eine differenzierte (Einzelfall-)Analyse. 606 $aSocial welfare & social services$2bicssc 606 $aComparative politics$2bicssc 606 $aEconomic theory & philosophy$2bicssc 606 $aPolitical economy$2bicssc 610 $aeines 610 $aEuropa 610 $aEuropäische 610 $aFinanzausgleichs 610 $aFinanzzuweisungen 610 $aGestaltung 610 $aMeyer 610 $aUnion 610 $azusammenwachsenden 610 $aZwischenstaatliche 615 7$aSocial welfare & social services 615 7$aComparative politics 615 7$aEconomic theory & philosophy 615 7$aPolitical economy 700 $aMeyer$b Steffen$4auth$0935434 702 $aLittmann$b Christa$4edt 702 $aMeyer$b Steffen$4aut 801 0$bPH02 801 1$bPH02 906 $aBOOK 912 $a9910563190903321 996 $aZwischenstaatliche Finanzzuweisungen im zusammenwachsenden Europa$93038029 997 $aUNINA